000 01075nam a22003257a 4500
003 CHAP
005 20220329133550.0
008 971013s1993 r 00010 d
010 _a7953
011 _a8925
035 _a8159
040 _cCHAP
090 _aTesis
100 0 0 _aGómez Domínguez, Arquímedes.
_949681
245 _aAnálisis de la composición y estructura de una selva baja subperennifolia
260 _aChapingo, Méx. :
_bEl autor,
_c1993
300 _a149 h.
_b; gráfs.
502 _aTesis (Ing. Agr. Esp. en Bosques) -- UACH. División de Ciencias Forestales
590 _aALEPH
_b10
_c20130110
_lUCH01
_h1220
590 _aBATCH-UPD
_b10
_c20130110
_lUCH01
_h0207
590 _aBATCH-UPD
_b10
_c20130110
_lUCH01
_h1655
590 _aBATCH-UPD
_b10
_c20130409
_lUCH01
_h2221
590 _aBATCH-UPD
_b10
_c20130914
_lUCH01
_h0707
590 _aCONVERSION
_b10
_c20130109
_lUCH01
_h1305
650 1 4 _aBosques
_xCampeche.
_914101
650 1 4 _aSelvas
_xCampeche.
_9103822
901 _aBK
942 _cTESIS
949 _bBC
_cTES
_d-18311
_eTS1
_h26041
_i8159
_si
999 _c7953
_d7953